| 000 | 01136nam a22002777i 4500 | ||
|---|---|---|---|
| 999 |
_c176569 _d176569 |
||
| 003 | OSt | ||
| 005 | 20200302121641.0 | ||
| 008 | 200302s2017 enk g 001 0 eng d | ||
| 020 |
_a9781780664453 _cRM71.95 _qpaperback |
||
| 040 |
_aPPAK _beng _cPPAK _erda |
||
| 082 | 0 | 4 |
_223 _a599.938 |
| 090 | 0 | 0 |
_a599.938 _bODE _dR |
| 100 | 1 |
_aOdent, Michel, _d1930- _eauthor. |
|
| 245 | 1 | 0 |
_aThe Birth of Homo, the Marine Chimpanzee : _bWhen the tool becomes the master / _cMichel Odent |
| 264 | 1 |
_aLondon : _bPinter & Martin Ltd, _c2017 |
|
| 300 |
_a144 pages : _c22 cm |
||
| 336 |
_2rdacontent _atext |
||
| 337 |
_2rdamedia _aunmediated |
||
| 338 |
_2rdacarrier _avolume |
||
| 500 | _aIncludes index and references pages | ||
| 520 | _aIn his latest wide-ranging survey of current scientific thinking, revolutionary thinker and birth pioneer Michel Odent proposes that we view the genus Homo as a `marine chimpanzee', with consequences for every area of human development and experience | ||
| 650 | 1 | 0 |
_aHuman beings _vOrigin _xPopular works |
| 650 | 2 | 0 |
_aHuman evolution _vPopular works |
| 650 | 2 | 0 |
_aHuman beings - _vOrigin |
| 942 |
_2ddc _cB |
||